00209nam a2200085Ia 4500008004100000082002100041100001600062245003700078300000800115210430s9999 xx 000 0 und d aA617S 491.439642 aAbid Ansari aSukhan sukhan SurajcAbid Ansari a128